00926cam a2200253 a 450000100100000000500170001000800410002703500190006804000300008708200200011710000490013724500530018626000370023930000200027649000340029658600340033065000330036465000460039783000450044391000340048804900090052295201240053199900170065500001829820200929165437.0821126|1982 cr 000 p spa d a(DLC) 82235498 aDO-SdBNPcDLCdDLCdBNPHU aCa861.44bC512c1 aChavarría, María Gabriela,d1961-93963110aCuerpos abandonados /cMa. Gabriela Chavarría. aSan José :bCosta Rica,c1982. a69 p. ;c17 cm.1 aJoven creaciónapoesíav9 aPremio Creación Joven, 1981 4aPoesía costarricense95301 4aLiteratura costarricenseySIGLO XX922789 0aJoven creación ;ppoesía :v9939632 aCatalogación por copia / LC aBNGR 001054708MOaGRbGRcCTd2010-04-27iLF1l0oCa861.44 C512cp18298-10r2020-06-25w2020-06-25y4ZPréstamo en sala c17819d17819